| 000 | 02117cam a22005054i 4500 | ||
|---|---|---|---|
| 003 | PE-LiUPU | ||
| 005 | 20250731184609.0 | ||
| 008 | 150616s1993 xxu rb 000 0 eng d | ||
| 020 | _a081351584X | ||
| 035 | _a(Sirsi) i9780813515847 | ||
| 040 |
_aPE-LiUPU _bspa _cPE-LiUPU _erda |
||
| 049 | _aPRUA | ||
| 082 | 0 | 4 |
_a949.5 _bB39 _221 |
| 100 | 1 |
_aBernal, Martin, _eautor. |
|
| 245 | 1 | 0 |
_aBlack Athena: The Afroasiatic Roots of Classical Civilization; Volume II The Archaeological and Documentary Evidence / _cMartin Bernal. |
| 264 | 1 |
_aNew Brunswick, New Jersey : _bRutgers University Press, _c1993. |
|
| 300 |
_a736 páginas ; _c23 centímetros |
||
| 336 |
_atext _2rdacontent |
||
| 337 |
_aunmediated _2rdamedia |
||
| 338 |
_avolume _2rdacarrier |
||
| 504 | _aBibliografía: páginas 649-725. | ||
| 505 | 0 | _aCrete before the palaces, 7000-2100 BC -- Egypt's influence on Boiotia and the Peloponnese in the 3rd millennium, I -- Egypt's influence on Boiotia and the Peloponnese in the 3rd millennium, II -- The old palace period in Crete and the Egyptian middle kingdom, 2100-1730 BC -- Sesostris, I -- Sesostris, II -- The Thera eruption: from the Aegean to China -- The Hyksos -- Conclusion. | |
| 526 | _aP136 | ||
| 526 | _aP135 | ||
| 526 | _aP134 | ||
| 526 | _aP133 | ||
| 526 | _aP144 | ||
| 526 | _aP143 | ||
| 526 | _aP87 | ||
| 526 | _aP35 | ||
| 526 | _aP20 | ||
| 526 | _aP14 | ||
| 526 | _aP10 | ||
| 526 | _aP06 | ||
| 651 |
_aGrecia _xCivilización _xInfluencias egipcias |
||
| 651 |
_aGrecia _xCivilización _xInfluencias fenicias |
||
| 651 |
_aGrecia _xCivilización _yHasta 146 aC. |
||
| 910 |
_ajck _bjvq _cjck |
||
| 942 |
_2ddc _cBOOK |
||
| 949 |
_a949.5 B39 _wDEWEY _c1 _i43144 _lCCODEBUL1 _mBUL _r0 _sY _tBOOK _u2015-6-16 _xTEOLOGIA _zUNKNOWN _0COMPRA _o.STAFF. Colección General |
||
| 994 |
_aC0 _bPEPRU |
||
| 596 | _a1 | ||
| 999 |
_a949.5 B39 _wDEWEY _c61101 _i43144 _d61101 _e2019-10-28 _f2021-11-12 _g5 _lCCODEBUL1 _mBUL _n2 _p36.12 _r0 _sY _tBOOK _u2015-6-16 _xTEOLOGIA _PP35 _0COMPRA _o.STAFF. Colección Teología |
||
| 980 |
_81 _gALBERTO SANCHEZ Responsable de Automatización |
||